[Event "81st ch-ESP 2016"]
[White "Escudero Manzano, Sergio"]
[Black "Garcia Martin, Marta"]
[Site "Linares ESP"]
[Result "1-0"]
[Date "2016.08.11"]
[WhiteElo "2290"]
[BlackElo "2229"]
[PlyCount "95"]

1. e4 c5 2. Nf3 e6 3. c4 Nc6 4. Nc3 Nd4 5. Be2 Ne7 6. 0-0 Nec6 7. a3 Be7 8. Rb1 0-0 9. d3 a6 10. Be3 f5 11. exf5 Nxf5 12. d4 cxd4 13. Bxd4 Nfxd4 14. Nxd4 Qc7 15. Nxc6 bxc6 16. b4 Bd6 17. h3 Bh2+ 18. Kh1 Be5 19. Ne4 d5 20. Nc5 Bd6 21. Na4 Qf7 22. Qd2 Bc7 23. Rb3 Qe7 24. f4 Qh4 25. Rbf3 Bd6 26. Qe3 Rb8 27. Nb6 Qd8 28. c5 Bc7 29. Nxc8 Qxc8 30. Bd3 a5 31. bxa5 Bxa5 32. f5 Rf6 33. fxe6 Qxe6 34. Qg5 Rbf8 35. Bf5 Qe7 36. Qh4 h6 37. Qg4 Bc7 38. Be6+ Kh8 39. Rxf6 Rxf6 40. Re1 Qxc5 41. Bf5 Qf8 42. Bd3 c5 43. Qd7 Qd6 44. Re8+ Rf8 45. Qxc7 Qf6 46. Qb8 Kg8 47. Qd8 Qxd8 48. Bf1 1-0

[Event "81st ch-ESP 2016"]
[White "Forcen Esteban, Daniel"]
[Black "Narciso Dublan, Marc"]
[Site "Linares ESP"]
[Result "1/2-1/2"]
[Date "2016.08.12"]
[WhiteElo "2561"]
[BlackElo "2482"]
[PlyCount "61"]

1. e4 e6 2. d4 d5 3. Nc3 Bb4 4. e5 b6 5. Qg4 Bf8 6. Bg5 Qd7 7. 0-0-0 h6 8. Be3 Ne7 9. h4 Nbc6 10. h5 Bb7 11. f4 0-0-0 12. Qf3 f5 13. Bf2 Kb8 14. Nge2 Na5 15. Rg1 c5 16. dxc5 d4 17. Rxd4 Bxf3 18. Rxd7 Rxd7 19. gxf3 bxc5 20. Bxc5 Nec6 21. Bxf8 Rxf8 22. Rg6 Re8 23. Nb5 Nc4 24. Nec3 Ne3 25. Be2 Ree7 26. Nd6 Nb4 27. Bb5 Rc7 28. Ne8 Rb7 29. Nd6 Rbc7 30. Ne8 Rb7 31. Nd6 1/2-1/2

[Event "81st ch-ESP 2016"]
[White "Del Rio De Angelis, Salvador G."]
[Black "Vallejo Pons, Francisco"]
[Site "Linares ESP"]
[Result "0-1"]
[Date "2016.08.12"]
[WhiteElo "2522"]
[BlackElo "2713"]
[PlyCount "76"]

1. d4 f5 2. e4 fxe4 3. Nc3 Nf6 4. Bg5 Nc6 5. d5 Ne5 6. Qd4 Nf7 7. h4 c6 8. 0-0-0 Qb6 9. Bxf6 gxf6 10. Qxe4 Qxf2 11. Nf3 f5 12. Qxf5 Qe3+ 13. Kb1 d6 14. Qd3 Qxd3 15. Bxd3 Bg7 16. Ng5 h6 17. Nxf7 Kxf7 18. Be4 Bd7 19. Ne2 Bf6 20. Rd3 Rhg8 21. Rb3 Rab8 22. Rf1 a5 23. Ng3 cxd5 24. Bxd5+ Be6 25. c4 Bxd5 26. cxd5 Ke8 27. Nf5 Kd7 28. g3 h5 29. Rff3 b5 30. Ne3 Be5 31. a4 bxa4 32. Rxb8 Rxb8 33. Nc4 Bf6 34. Kc2 Rb4 35. Rf4 Rb3 36. g4 hxg4 37. Rxg4 Rb4 38. h5 Bxb2 0-1

[Event "81st ch-ESP 2016"]
[White "Anton Guijarro, David"]
[Black "Asis Gargatagli, Hipolito"]
[Site "Linares ESP"]
[Result "1/2-1/2"]
[Date "2016.08.12"]
[WhiteElo "2627"]
[BlackElo "2487"]
[PlyCount "71"]

1. d4 Nf6 2. c4 e6 3. Nc3 Bb4 4. e3 0-0 5. Bd3 d5 6. Nf3 c5 7. 0-0 dxc4 8. Bxc4 Nbd7 9. a3 cxd4 10. axb4 dxc3 11. bxc3 Qc7 12. Qe2 b6 13. Bb2 Bb7 14. Ba6 Bxa6 15. Rxa6 Nd5 16. Rc1 Rfc8 17. h3 Qb7 18. b5 Nc5 19. Ra3 a6 20. c4 Ne7 21. bxa6 Rxa6 22. Rd1 Rxa3 23. Bxa3 Ng6 24. Bxc5 bxc5 25. Qd3 h6 26. Qd7 Qa8 27. Rb1 Rd8 28. Qc7 Rc8 29. Qb7 f6 30. Qxa8 Rxa8 31. Rb5 Ra1+ 32. Kh2 Ra2 33. Kg1 Ra1+ 34. Kh2 Ra2 35. Kg1 Ra1+ 36. Kh2 1/2-1/2

[Event "81st ch-ESP 2016"]
[White "Espinosa Aranda, Angel"]
[Black "Vazquez Igarza, Renier"]
[Site "Linares ESP"]
[Result "0-1"]
[Date "2016.08.12"]
[WhiteElo "2422"]
[BlackElo "2589"]
[PlyCount "87"]

1. e4 c5 2. Nf3 e6 3. b3 d6 4. Bb2 Nd7 5. Bd3 Ngf6 6. 0-0 Be7 7. e5 dxe5 8. Nxe5 Nxe5 9. Bxe5 Bd7 10. Nc3 Bc6 11. Re1 0-0 12. Ne4 Nd7 13. Bc3 g6 14. Qf3 Rb8 15. Qh3 Bxe4 16. Rxe4 Bf6 17. Bxf6 Nxf6 18. Rh4 Qe7 19. Re1 Rfd8 20. Qe3 b5 21. Qh6 a6 22. Rh3 Rd4 23. c3 Rd5 24. g4 Rbd8 25. g5 Rxd3 26. gxf6 Qxf6 27. Qxh7+ Kf8 28. Qh6+ Ke7 29. Rxd3 Rxd3 30. Re3 Rd5 31. Rg3 g5 32. Qxf6+ Kxf6 33. d3 b4 34. cxb4 cxb4 35. Rg4 a5 36. d4 Kf5 37. f3 e5 38. dxe5 Rd1+ 39. Kf2 Rd2+ 40. Ke3 Rxh2 41. Kd3 Rxa2 42. Re4 Rb2 43. Kc4 Rc2+ 44. Kd4 0-1

[Event "81st ch-ESP 2016"]
[White "Santos Ruiz, Miguel"]
[Black "Lopez Martinez, Josep Manuel"]
[Site "Linares ESP"]
[Result "1/2-1/2"]
[Date "2016.08.12"]
[WhiteElo "2440"]
[BlackElo "2550"]
[PlyCount "69"]

1. e4 c5 2. Nf3 d6 3. d4 cxd4 4. Nxd4 Nf6 5. Nc3 Nc6 6. f3 e5 7. Nb3 Be7 8. Be3 0-0 9. Qd2 a5 10. Bb5 Na7 11. Bd3 Be6 12. Rd1 Nc8 13. 0-0 Nb6 14. Rfe1 a4 15. Qf2 Nbd7 16. Nd2 Qb8 17. a3 Rc8 18. Ndb1 Bd8 19. Bb5 Ba5 20. Qd2 Ne8 21. b4 axb3 22. cxb3 Bxc3 23. Nxc3 Rxa3 24. Nd5 Bxd5 25. Bxd7 Be6 26. Bxc8 Qxc8 27. Rc1 Qa8 28. Rb1 h6 29. Qc3 Qa6 30. Ra1 Rxb3 31. Rxa6 Rxc3 32. Rb6 Bc8 33. Rc1 Rxc1+ 34. Bxc1 Kf8 35. Kf2 1/2-1/2

[Event "81st ch-ESP 2016"]
[White "Cuenca Jimenez, Jose Fernando"]
[Black "Alvarado Diaz, Alejandro"]
[Site "Linares ESP"]
[Result "1-0"]
[Date "2016.08.12"]
[WhiteElo "2541"]
[BlackElo "2441"]
[PlyCount "61"]

1. c4 e6 2. Nf3 d5 3. b3 Nf6 4. g3 Be7 5. Bg2 0-0 6. 0-0 c5 7. Bb2 Nc6 8. e3 dxc4 9. bxc4 Qb6 10. Qc2 Nb4 11. Qb3 Rd8 12. d4 Bd7 13. Rd1 Nc6 14. Nbd2 Rac8 15. Rab1 Qa6 16. Bc3 Nb4 17. dxc5 Nc6 18. Qxb7 Qxa2 19. Nd4 Rb8 20. Nxc6 Rxb7 21. Nxe7+ Kf8 22. Bxb7 Kxe7 23. c6 Bc8 24. c7 Rd7 25. Bxc8 Rxc7 26. Bb7 a5 27. Rdc1 Qa3 28. Bf3 Nd7 29. Ra1 Qd6 30. Bxa5 Rc8 31. Ne4 1-0

[Event "81st ch-ESP 2016"]
[White "Garriga Cazorla, Pere"]
[Black "Alonso Rosell, Alvar"]
[Site "Linares ESP"]
[Result "0-1"]
[Date "2016.08.12"]
[WhiteElo "2392"]
[BlackElo "2524"]
[PlyCount "64"]

1. d4 Nf6 2. c4 e6 3. Nc3 Bb4 4. Nf3 b6 5. e3 Bb7 6. Bd3 0-0 7. 0-0 d5 8. cxd5 exd5 9. a3 Bd6 10. b4 a6 11. Qb3 Nbd7 12. Ra2 b5 13. a4 c6 14. Re2 Re8 15. Nd2 Nb6 16. e4 dxe4 17. Ndxe4 Nxe4 18. Nxe4 bxa4 19. Qb1 Nd5 20. Rfe1 Bxb4 21. Ng5 Rxe2 22. Bxh7+ Kf8 23. Rxe2 c5 24. Bg6 Nc3 25. Qc2 Nxe2+ 26. Qxe2 Qe7 27. Be3 fxg6 28. Qc4 Ke8 29. dxc5 Bxc5 30. Qxa4+ Qd7 31. Qc2 Qc6 32. Kf1 Bxe3 0-1

[Event "81st ch-ESP 2016"]
[White "Martinez Lopez, David"]
[Black "Andres Gonzalez, Alberto"]
[Site "Linares ESP"]
[Result "1/2-1/2"]
[Date "2016.08.12"]
[WhiteElo "2334"]
[BlackElo "2512"]
[PlyCount "65"]

1. d4 Nf6 2. c4 e6 3. Nc3 Bb4 4. f3 0-0 5. a3 Bxc3+ 6. bxc3 b6 7. e4 Ne8 8. Nh3 Nc6 9. Bd3 Ba6 10. 0-0 Na5 11. Qe2 c5 12. e5 f6 13. Ra2 Rc8 14. Rc2 Qe7 15. Re1 f5 16. Bg5 Qf7 17. Be3 h6 18. dxc5 bxc5 19. Qf2 Bxc4 20. Bxc4 Nxc4 21. Bxc5 d6 22. exd6 Nexd6 23. Rce2 Rfe8 24. Bxd6 Nxd6 25. Nf4 Rxc3 26. Qd4 Qc7 27. Rxe6 Rxe6 28. Nxe6 Qb6 29. Qxb6 axb6 30. Rd1 Nf7 31. Rb1 Rxa3 32. Rxb6 g5 33. Rb8+ 1/2-1/2

[Event "81st ch-ESP 2016"]
[White "Huerga Leache, Mikel"]
[Black "Vega Gutierrez, Sabrina"]
[Site "Linares ESP"]
[Result "1-0"]
[Date "2016.08.12"]
[WhiteElo "2455"]
[BlackElo "2408"]
[PlyCount "53"]

1. Nf3 d5 2. c4 d4 3. g3 Nc6 4. Bg2 e5 5. 0-0 Nf6 6. e3 d3 7. Nc3 Bb4 8. Nxe5 Nxe5 9. Qa4+ Nc6 10. Bxc6+ bxc6 11. Qxb4 Bh3 12. Qc5 Qd7 13. Qe5+ Kf8 14. Re1 h5 15. Qd4 Qf5 16. Qf4 Qe6 17. f3 Rh6 18. Kh1 Re8 19. b3 h4 20. Ba3+ Kg8 21. Rg1 Ng4 22. Ne4 hxg3 23. Rxg3 f5 24. Ng5 Qf6 25. Rb1 Rh5 26. Nxh3 g5 27. Rxg4 1-0

[Event "81st ch-ESP 2016"]
[White "Gonzalez De La Torre, Santiago"]
[Black "Portela Peleteiro, Alberto"]
[Site "Linares ESP"]
[Result "1-0"]
[Date "2016.08.12"]
[WhiteElo "2452"]
[BlackElo "2340"]
[PlyCount "75"]

1. e4 c5 2. Nf3 e6 3. d4 cxd4 4. Nxd4 Nc6 5. Nc3 Qc7 6. Be2 a6 7. 0-0 b5 8. Nxc6 dxc6 9. f4 Bb7 10. Bf3 Nf6 11. e5 Qb6+ 12. Kh1 Nd5 13. Ne4 Rd8 14. Qe2 c5 15. a4 Be7 16. axb5 axb5 17. f5 Nc7 18. f6 gxf6 19. exf6 Bf8 20. b4 Nd5 21. Bh5 Rd7 22. bxc5 Qc6 23. Bd2 Rg8 24. Bf3 Bxc5 25. Nc3 b4 26. Nxd5 Rxd5 27. Bf4 Qb6 28. Bxd5 Bxd5 29. Bg3 Qc6 30. Rfd1 Rg5 31. Rd2 Rf5 32. Rad1 Kf8 33. Bh4 h5 34. Qd3 Ke8 35. c4 bxc3 36. Qxc3 Rf4 37. Qe5 Rxh4 38. Rxd5 1-0

[Event "81st ch-ESP 2016"]
[White "Munoz, Miguel"]
[Black "Lianes Garcia, Marcos"]
[Site "Linares ESP"]
[Result "1-0"]
[Date "2016.08.12"]
[WhiteElo "2451"]
[BlackElo "2236"]
[PlyCount "69"]

1. e4 c5 2. g3 d6 3. Bg2 Nc6 4. Ne2 g6 5. c3 Bg7 6. d4 Nf6 7. h3 0-0 8. Be3 Nd7 9. 0-0 e5 10. dxc5 Nxc5 11. b4 Ne6 12. Na3 Qe7 13. Qd2 Rd8 14. f4 exf4 15. gxf4 Nc7 16. Rad1 f5 17. exf5 Bxf5 18. Ng3 Qf6 19. b5 Ne7 20. Bd4 Qf7 21. Bxg7 Kxg7 22. Rfe1 d5 23. Re5 Rd7 24. Rde1 Kf8 25. Qd4 Ne6 26. Qb4 Nc7 27. Nxf5 gxf5 28. Nc2 a5 29. Qc5 Rc8 30. Nd4 Na6 31. Qb6 Nc5 32. Qh6+ Kg8 33. Qg5+ Ng6 34. Nxf5 Kh8 35. Rxd5 1-0

[Event "81st ch-ESP 2016"]
[White "Arizmendi Martinez, Julen Luis"]
[Black "Meneses Gonzalez, Kevin Moises"]
[Site "Linares ESP"]
[Result "1/2-1/2"]
[Date "2016.08.12"]
[WhiteElo "2496"]
[BlackElo "2337"]
[PlyCount "60"]

1. d4 Nf6 2. c4 g6 3. Nc3 Bg7 4. e4 d6 5. Nf3 0-0 6. Be2 e5 7. 0-0 Na6 8. Be3 c6 9. d5 Ng4 10. Bg5 f6 11. Bh4 c5 12. Ne1 Nh6 13. Nc2 Bd7 14. a3 Qe7 15. Rb1 Rfc8 16. Bd3 Qf8 17. Bg3 Nf7 18. Ne3 Bh6 19. Ng4 Bg7 20. Ne3 Bh6 21. Qf3 Qe7 22. Rbe1 Rf8 23. Bc2 Kg7 24. Nb5 Ng5 25. Qd1 Nf7 26. Qf3 Ng5 27. Qd1 Nf7 28. Qf3 Ng5 29. Ra1 Qd8 30. Qd1 Nb8 1/2-1/2

[Event "81st ch-ESP 2016"]
[White "Hernando Rodrigo, Julio Antonio"]
[Black "Suarez Gomez, Julio"]
[Site "Linares ESP"]
[Result "1/2-1/2"]
[Date "2016.08.12"]
[WhiteElo "2318"]
[BlackElo "2429"]
[PlyCount "43"]

1. d4 d5 2. c4 e6 3. Nc3 Nf6 4. Nf3 Bb4 5. Qa4+ Nc6 6. e3 0-0 7. Bd2 a6 8. Qc2 Re8 9. a3 Bd6 10. Rd1 dxc4 11. Bxc4 Qe7 12. 0-0 h6 13. Ne2 e5 14. dxe5 Nxe5 15. Nxe5 Bxe5 16. Bb4 c5 17. Bxc5 Qc7 18. f4 Bxb2 19. Bd6 Qb6 20. Bc5 Qc7 21. Bd6 Qb6 22. Bc5 1/2-1/2

[Event "81st ch-ESP 2016"]
[White "Suarez Garcia, Carlos"]
[Black "Vehi Bach, Victor Manuel"]
[Site "Linares ESP"]
[Result "1-0"]
[Date "2016.08.12"]
[WhiteElo "2426"]
[BlackElo "2318"]
[PlyCount "61"]

1. d4 Nf6 2. c4 e6 3. g3 d5 4. Bg2 a6 5. Nf3 dxc4 6. 0-0 Nc6 7. Bg5 Rb8 8. Nbd2 Nxd4 9. Nxc4 Nxf3+ 10. Bxf3 Bd6 11. Bxf6 gxf6 12. Qd4 b5 13. Bc6+ Ke7 14. Qa7 Bd7 15. Nxd6 Bxc6 16. Rfd1 Bd5 17. Rac1 Kxd6 18. Qc5+ Kd7 19. e4 Rb6 20. exd5 e5 21. d6 cxd6 22. Rc3 Ke7 23. Qd5 Qd7 24. Rdc1 Rb7 25. Rc6 Rhb8 26. Qd3 h5 27. Qh7 Rd8 28. Qxh5 a5 29. Qf3 Rdb8 30. h4 Kf8 31. Qxf6 1-0

[Event "81st ch-ESP 2016"]
[White "Escudero Manzano, Sergio"]
[Black "Cruz Lledo, Pablo"]
[Site "Linares ESP"]
[Result "1-0"]
[Date "2016.08.12"]
[WhiteElo "2290"]
[BlackElo "2414"]
[PlyCount "109"]

1. e4 c6 2. d4 d5 3. Nc3 dxe4 4. Nxe4 Bf5 5. Ng3 Bg6 6. Nf3 Nd7 7. h4 h6 8. h5 Bh7 9. Bd3 Bxd3 10. Qxd3 e6 11. Bf4 Qa5+ 12. Bd2 Bb4 13. c3 Be7 14. c4 Qc7 15. 0-0-0 Ngf6 16. Ne4 b5 17. Nxf6+ Bxf6 18. cxb5 cxb5+ 19. Kb1 0-0 20. g4 Qc4 21. Qxc4 bxc4 22. Rc1 Nb6 23. Ba5 Rfc8 24. Rc2 Rab8 25. Rhc1 Rd8 26. Bxb6 Rxb6 27. Rxc4 Rbd6 28. Ne5 Rxd4 29. Rxd4 Rxd4 30. Rc8+ Rd8 31. Rxd8+ Bxd8 32. b4 f6 33. Nc6 Bb6 34. f3 Kf7 35. Kc2 g6 36. a4 gxh5 37. gxh5 Ke8 38. a5 Bf2 39. b5 Kd7 40. Kd3 Kd6 41. Kc4 Be1 42. Nd8 Ke7 43. b6 axb6 44. a6 b5+ 45. Kxb5 Bf2 46. Nb7 Ba7 47. Kc6 f5 48. Nd6 Kf6 49. Nc8 e5 50. Nxa7 e4 51. fxe4 f4 52. Nb5 f3 53. a7 f2 54. a8=Q f1=Q 55. Qf8+ 1-0

[Event "81st ch-ESP 2016"]
[White "Henderson de La Fuente, Lance"]
[Black "Garza Marco, Sergio"]
[Site "Linares ESP"]
[Result "1/2-1/2"]
[Date "2016.08.12"]
[WhiteElo "2306"]
[BlackElo "2391"]
[PlyCount "65"]

1. e4 g6 2. d4 Bg7 3. Nc3 d6 4. f4 a6 5. Nf3 b5 6. Bd3 Nd7 7. e5 c5 8. Be4 Rb8 9. 0-0 Nh6 10. exd6 0-0 11. Ne5 Nxe5 12. dxe7 Nf3+ 13. Bxf3 Bxd4+ 14. Kh1 Qxe7 15. Nd5 Qh4 16. g3 Qd8 17. c3 Bg7 18. Be3 Qd6 19. b4 cxb4 20. cxb4 Bh3 21. Bc5 Qd8 22. Be7 Qd7 23. Nf6+ Bxf6 24. Qxd7 Bxd7 25. Bxf6 Ng4 26. Bd4 Rfd8 27. Bc5 Be6 28. Rad1 h5 29. Rxd8+ Rxd8 30. Rd1 Rxd1+ 31. Bxd1 Bxa2 32. Bxg4 hxg4 33. Kg1 1/2-1/2

[Event "81st ch-ESP 2016"]
[White "Matnadze, Ana"]
[Black "Guerra Rivera, Salvador"]
[Site "Linares ESP"]
[Result "1-0"]
[Date "2016.08.12"]
[WhiteElo "2355"]
[BlackElo "2285"]
[PlyCount "67"]

1. d4 d6 2. Nf3 Nf6 3. g3 g6 4. Bg2 Bg7 5. 0-0 0-0 6. c4 Nc6 7. Nc3 Bf5 8. d5 Na5 9. Nd4 Bd7 10. b3 c5 11. dxc6 bxc6 12. Bb2 Rb8 13. Rb1 c5 14. Ndb5 a6 15. Na3 Nc6 16. Nd5 Nxd5 17. cxd5 Nb4 18. Bxg7 Kxg7 19. Qd2 a5 20. Nc4 a4 21. h4 h5 22. Rfc1 axb3 23. Rxb3 Na6 24. Rcb1 Qc7 25. Bf3 Rb4 26. Qc3+ Kh7 27. e4 Rfb8 28. e5 dxe5 29. Nxe5 Ba4 30. Nxf7 e5 31. Ng5+ Kg8 32. d6 Qg7 33. Rxb4 cxb4 34. Qc4+ 1-0

[Event "81st ch-ESP 2016"]
[White "Montoliu Cervero, Francisco"]
[Black "Sanchez Aller, Fernando"]
[Site "Linares ESP"]
[Result "1-0"]
[Date "2016.08.12"]
[WhiteElo "2346"]
[BlackElo "2281"]
[PlyCount "77"]

1. e4 c5 2. Nf3 d6 3. d4 cxd4 4. Nxd4 Nf6 5. Nc3 a6 6. Be3 e5 7. Nb3 Be6 8. f3 Be7 9. Qd2 0-0 10. 0-0-0 a5 11. Qe1 a4 12. Nc5 a3 13. b3 Qc8 14. N5a4 Nbd7 15. g4 Ne8 16. Kb1 Nc7 17. Bc1 b5 18. Nxb5 Rxa4 19. bxa4 Nxb5 20. Bxb5 Bxa2+ 21. Ka1 Qxc2 22. Bxa3 Be6 23. Qe2 Qc3+ 24. Qb2 Qxf3 25. Rhe1 Nc5 26. Bxc5 dxc5 27. Rc1 Bh4 28. Re2 Bg5 29. Qc3 Qxg4 30. Rf1 Bf4 31. a5 c4 32. Rc2 Qg5 33. Bxc4 Bxc4 34. Qxc4 Qd8 35. Qd5 Qe7 36. Rf3 Rd8 37. Rd3 Rb8 38. Qd6 Qe8 39. Qxb8 1-0

[Event "81st ch-ESP 2016"]
[White "Plazuelo Pascual, Juan"]
[Black "Domingo Nunez, Alejandro"]
[Site "Linares ESP"]
[Result "1/2-1/2"]
[Date "2016.08.12"]
[WhiteElo "2256"]
[BlackElo "2344"]
[PlyCount "41"]

1. d4 d6 2. Nf3 g6 3. g3 Bg7 4. Bg2 Nd7 5. c4 e5 6. Nc3 Ne7 7. 0-0 0-0 8. e4 exd4 9. Nxd4 Nc6 10. Nde2 a5 11. Rb1 Nc5 12. Be3 Re8 13. Bxc5 dxc5 14. Qxd8 Nxd8 15. Nd5 Ne6 16. Nef4 Be5 17. Nd3 Bd4 18. N3f4 Be5 19. Nd3 Bd4 20. N3f4 Be5 21. Ra1 1/2-1/2

[Event "81st ch-ESP 2016"]
[White "Silva Rodriguez, Fernando"]
[Black "Carrasco Martinez, Juan M."]
[Site "Linares ESP"]
[Result "1/2-1/2"]
[Date "2016.08.12"]
[WhiteElo "2255"]
[BlackElo "2342"]
[PlyCount "76"]

1. d4 Nf6 2. c4 c5 3. d5 b5 4. Nf3 g6 5. cxb5 a6 6. b6 d6 7. Nc3 Nbd7 8. e4 Bg7 9. a4 Qxb6 10. Nd2 0-0 11. a5 Qb4 12. Be2 Ne8 13. 0-0 Nc7 14. Nc4 Rb8 15. Bg5 f6 16. Bd2 Qb3 17. Bd3 Qxd1 18. Rfxd1 f5 19. exf5 gxf5 20. Bg5 Rf7 21. Be2 Rb4 22. Rab1 Nf6 23. Na2 Rb3 24. Nb6 Ne4 25. Bc1 Bb7 26. Bc4 Rb5 27. Bxb5 Nxb5 28. Bd2 f4 29. Be1 f3 30. b4 fxg2 31. bxc5 dxc5 32. Kxg2 Bd4 33. Rd3 e6 34. f3 Rg7+ 35. Bg3 Nxg3 36. hxg3 exd5 37. Rbd1 Re7 38. Nc1 Nc3 1/2-1/2

[Event "81st ch-ESP 2016"]
[White "Teran Alvarez, Ismael"]
[Black "Silva Lucena, Cristian"]
[Site "Linares ESP"]
[Result "1-0"]
[Date "2016.08.12"]
[WhiteElo "2413"]
[BlackElo "2230"]
[PlyCount "44"]

1. d4 d5 2. c4 e6 3. Nc3 c6 4. e3 Nd7 5. Qc2 Nh6 6. Bd3 f5 7. Nf3 Bd6 8. Bd2 Qe7 9. 0-0-0 Nf6 10. Kb1 Ne4 11. Be1 0-0 12. h3 Nxc3+ 13. Qxc3 dxc4 14. Qxc4 b5 15. Qc2 a5 16. e4 Bd7 17. Bd2 Nf7 18. Rhe1 fxe4 19. Rxe4 a4 20. Rg4 Rfb8 21. Bxh7+ Kf8 22. Ng1 Bc8 1-0

[Event "81st ch-ESP 2016"]
[White "Hernandez Estevez, Yudania"]
[Black "Ladron De Guevara Pinto, Paolo"]
[Site "Linares ESP"]
[Result "1/2-1/2"]
[Date "2016.08.12"]
[WhiteElo "2232"]
[BlackElo "2369"]
[PlyCount "151"]

1. e4 e6 2. d4 d5 3. Nc3 Nf6 4. e5 Nfd7 5. f4 c5 6. Nf3 Be7 7. Be3 0-0 8. g3 b6 9. Ne2 a5 10. c3 b5 11. Bh3 b4 12. 0-0 a4 13. cxb4 cxb4 14. f5 exf5 15. Bxf5 Nb6 16. Bc2 Nc4 17. Bc1 Qa5 18. Nf4 Ra6 19. h4 Qb5 20. Bd3 Nc6 21. Qc2 g6 22. Nxd5 Qxd5 23. Bxc4 Nxd4 24. Qd3 Nxf3+ 25. Rxf3 Qxd3 26. Bxd3 Ra5 27. Bh6 Re8 28. Bc4 Be6 29. Bxe6 fxe6 30. Re1 Rd5 31. Kg2 Bf8 32. Bg5 Bg7 33. Re4 h6 34. Bf4 Bf8 35. g4 Rc8 36. Rf2 Be7 37. g5 h5 38. a3 Rb5 39. axb4 Rxb4 40. Rxb4 Bxb4 41. Bd2 Be7 42. Be3 Rc4 43. Kg3 Rg4+ 44. Kf3 Rxh4 45. Rc2 Rb4 46. Rc7 Bf8 47. Rc8 Rb5 48. Ra8 Rxe5 49. Rxa4 Bc5 50. Bf4 Rf5 51. Ke4 h4 52. b4 Bf2 53. Ra8+ Kf7 54. Rh8 Bg3 55. Be3 Kg7 56. Rh6 Kf7 57. Kd3 Rd5+ 58. Kc4 Re5 59. Kd3 Be1 60. Rh7+ Kg8 61. Rh6 Rd5+ 62. Ke4 Kg7 63. Bd4+ Kf7 64. Rh7+ Kf8 65. Rh8+ Ke7 66. Be3 Bg3 67. Rh6 Kf7 68. Rh7+ Kf8 69. Rh6 Rb5 70. Rxg6 Rxb4+ 71. Kf3 Kf7 72. Rf6+ Kg8 73. Rxe6 Bb8 74. Rh6 Be5 75. Rb6 Rxb6 76. Ke4 1/2-1/2

[Event "81st ch-ESP 2016"]
[White "Jimenez Almeida, Luis David"]
[Black "Fernandez Diaz, Cristian"]
[Site "Linares ESP"]
[Result "0-1"]
[Date "2016.08.12"]
[WhiteElo "2212"]
[BlackElo "2332"]
[PlyCount "68"]

1. d4 Na6 2. e4 c6 3. c4 d6 4. Nc3 e5 5. d5 Nf6 6. Qc2 Be7 7. Be2 0-0 8. Nf3 Bd7 9. a3 Rc8 10. 0-0 cxd5 11. exd5 Ne8 12. b4 f5 13. Qb3 Bf6 14. Rd1 g5 15. Bb2 g4 16. Nd2 Bg7 17. a4 Kh8 18. Nb5 Ra8 19. Rac1 b6 20. Nxd6 Nxd6 21. c5 Nxc5 22. bxc5 bxc5 23. Rxc5 Qb6 24. Qc3 Bxa4 25. Rb1 Rab8 26. Rc7 Rfc8 27. Rxc8+ Rxc8 28. Qa3 Bb5 29. Bxb5 Nxb5 30. Qd3 Nd4 31. Nc4 Qc5 32. d6 e4 33. Qe3 Qxc4 34. Rc1 Bf8 0-1

[Event "81st ch-ESP 2016"]
[White "Domingo Nunez, Ruben"]
[Black "Ramirez Medina, Victor"]
[Site "Linares ESP"]
[Result "1-0"]
[Date "2016.08.12"]
[WhiteElo "2321"]
[BlackElo "2209"]
[PlyCount "125"]

1. e4 c5 2. d4 cxd4 3. c3 d3 4. Bxd3 Nc6 5. c4 d6 6. h3 g6 7. Nf3 Bg7 8. 0-0 Nf6 9. Nc3 0-0 10. Be3 Nd7 11. Rc1 b6 12. Qe2 Bb7 13. Rfd1 Rc8 14. Bb1 Qc7 15. Nd5 Qb8 16. Bg5 Rfe8 17. a3 h6 18. Be3 Nde5 19. Nd2 e6 20. Nc3 Na5 21. Ba2 Red8 22. b4 Nac6 23. f4 Nd7 24. f5 exf5 25. exf5 Nd4 26. Bxd4 Bxd4+ 27. Kh1 gxf5 28. Qd3 Bg7 29. Qxf5 Nf6 30. Nde4 Nxe4 31. Nxe4 Bxe4 32. Qxe4 Re8 33. Qd3 Rcd8 34. Rf1 Re7 35. Bb1 Kf8 36. Bc2 Qc7 37. Ba4 Re5 38. Qf3 Qe7 39. Bc6 Kg8 40. Bd5 Rf8 41. a4 Rg5 42. Rce1 Be5 43. Re4 Kg7 44. h4 Rg6 45. Qh5 Qd7 46. Qf5 Qxf5 47. Rxf5 Bc3 48. Re7 Rf6 49. Rxf6 Kxf6 50. Rxa7 Bxb4 51. g3 Bc5 52. Rd7 Kg6 53. Kg2 f5 54. Kf3 Bb4 55. Rb7 Ba5 56. Rd7 Bb4 57. h5+ Kf6 58. Rh7 Bd2 59. Ke2 Bg5 60. Kd3 f4 61. gxf4 Bxf4 62. Rb7 Ra8 63. Rf7+ 1-0

[Event "81st ch-ESP 2016"]
[White "Gines Esteo, Pedro Antonio"]
[Black "Lopez Gonzalez, Daniel"]
[Site "Linares ESP"]
[Result "1/2-1/2"]
[Date "2016.08.12"]
[WhiteElo "2194"]
[BlackElo "2279"]
[PlyCount "117"]

1. d4 Nf6 2. Nf3 d5 3. c4 e6 4. e3 c5 5. cxd5 exd5 6. Nc3 Nc6 7. dxc5 Bxc5 8. Be2 0-0 9. 0-0 Re8 10. a3 Bg4 11. b4 Bd6 12. Bb2 Rc8 13. Rc1 Bb8 14. Re1 a6 15. Nd4 Bxe2 16. Ncxe2 Ne5 17. Rxc8 Qxc8 18. a4 Qc4 19. Nf4 Qxb4 20. Ba1 Ned7 21. Nd3 Qd6 22. g3 g6 23. Qb3 b6 24. Rc1 Nc5 25. Qa3 Nfe4 26. a5 Nxd3 27. Qxd3 bxa5 28. f3 Nxg3 29. hxg3 Qxg3+ 30. Kf1 Qh3+ 31. Ke2 Qg2+ 32. Kd1 Be5 33. Qe2 Qg3 34. Kd2 h5 35. Rf1 Bg7 36. f4 Qh3 37. Qf3 Qd7 38. f5 Bh6 39. fxg6 fxg6 40. Qf6 Bxe3+ 41. Kd3 Kh7 42. Qf7+ Qxf7 43. Rxf7+ Kh6 44. Nf3 d4 45. Rf6 Bg5 46. Nxg5 Kxg5 47. Bxd4 Ra8 48. Rf1 Rd8 49. Ra1 Rd5 50. Ke4 Rf5 51. Be3+ Kf6 52. Bd4+ Ke6 53. Rc1 h4 54. Rc6+ Kf7 55. Rxa6 h3 56. Ra7+ Ke6 57. Ra6+ Kf7 58. Ra7+ Ke6 59. Ra6+ 1/2-1/2

[Event "81st ch-ESP 2016"]
[White "Garcia Vicente, Nieves"]
[Black "Merario Alarcon, Andres"]
[Site "Linares ESP"]
[Result "0-1"]
[Date "2016.08.12"]
[WhiteElo "2174"]
[BlackElo "2262"]
[PlyCount "72"]

1. d4 g6 2. c4 Bg7 3. e4 Nc6 4. d5 Nd4 5. Nf3 c5 6. Nc3 e5 7. dxe6 dxe6 8. Bf4 Ne7 9. Nxd4 cxd4 10. Nb5 0-0 11. Bd3 a6 12. Na3 e5 13. Bd2 f5 14. 0-0 f4 15. f3 g5 16. Nc2 Ng6 17. Nb4 h5 18. Be2 Bh6 19. Nd3 Kh8 20. Be1 Rg8 21. Kh1 Qf6 22. Rg1 Nf8 23. Bf2 Bg7 24. Rc1 Qe7 25. b4 a5 26. b5 Bf6 27. c5 Nh7 28. Nb2 g4 29. g3 Ng5 30. gxf4 Nh3 31. Rf1 Bh4 32. Nd3 Nxf2+ 33. Nxf2 g3 34. hxg3 Bxg3 35. Ng4 Bxg4 36. Kg2 Bh3+ 0-1

[Event "81st ch-ESP 2016"]
[White "Guadamuro Torrente, Anabel"]
[Black "Bravo Barranco, Narciso"]
[Site "Linares ESP"]
[Result "1/2-1/2"]
[Date "2016.08.12"]
[WhiteElo "2150"]
[BlackElo "2251"]
[PlyCount "115"]

1. e4 c6 2. d4 d5 3. exd5 cxd5 4. Bd3 Nc6 5. c3 g6 6. Nf3 Nh6 7. Bf4 Bf5 8. 0-0 Bxd3 9. Qxd3 Bg7 10. Nbd2 0-0 11. Rfe1 e6 12. h3 Nf5 13. Nf1 Nd6 14. Ng3 Qd7 15. Ne5 Nxe5 16. dxe5 Qb5 17. Qxb5 Nxb5 18. Ne2 a6 19. Bg3 Rfc8 20. f4 Rc4 21. a4 Na7 22. Nd4 Nc6 23. Nb3 Bh6 24. Rf1 d4 25. Nd2 Nxe5 26. Nxc4 Nxc4 27. cxd4 Rd8 28. Bh4 Rxd4 29. Bf6 Rxf4 30. Rxf4 Bxf4 31. Rd1 Nd6 32. Rd3 Ne8 33. Rd8 Kf8 34. Kf2 Bd6 35. Bg5 Bc7 36. Rd7 Kg7 37. Be3 b6 38. Bd4+ Kf8 39. b4 e5 40. Be3 Kg7 41. Kf3 Kf6 42. Rd1 Ke6 43. Rc1 Kd7 44. g4 f5 45. gxf5 gxf5 46. Rg1 e4+ 47. Ke2 f4 48. Bd4 Nd6 49. Rg7+ Kc6 50. Rxh7 Nf5 51. Rxc7+ Kxc7 52. Be5+ Kc6 53. Bxf4 Kd5 54. a5 b5 55. Be3 Ke5 56. Kf2 Kd5 57. Bd2 Ke5 58. Bc1 1/2-1/2

[Event "81st ch-ESP 2016"]
[White "Vallejo Pons, Francisco"]
[Black "Narciso Dublan, Marc"]
[Site "Linares ESP"]
[Result "1-0"]
[Date "2016.08.13"]
[WhiteElo "2713"]
[BlackElo "2482"]
[PlyCount "163"]

1. e4 e6 2. d4 d5 3. Nc3 Bb4 4. e5 b6 5. Qg4 Bf8 6. Bg5 Qd7 7. f4 Nc6 8. Nf3 Nge7 9. Bxe7 Nxe7 10. Bb5 c6 11. Bd3 g6 12. 0-0 Bb7 13. a4 c5 14. Qh4 Nc6 15. Qf6 Rg8 16. Qh4 h5 17. Bb5 a6 18. Bxc6 Bxc6 19. Qf2 0-0-0 20. a5 b5 21. Ng5 Qa7 22. Ne2 Kb8 23. c3 Rc8 24. Rfc1 c4 25. Rcb1 b4 26. Qe1 Ka8 27. h3 Rb8 28. Kh2 Rb7 29. b3 Bb5 30. bxc4 Bxc4 31. cxb4 Bh6 32. Qd2 Rgb8 33. Nc3 Bb5 34. Nh7 Bc6 35. Ne2 Bb5 36. Nc3 Bc6 37. Ne2 Bb5 38. Ng1 Rc7 39. Nf3 Rbc8 40. Rc1 Rc4 41. Rxc4 Rxc4 42. Rc1 Qc7 43. Rxc4 dxc4 44. Qc3 Bxf4+ 45. Kg1 Qb7 46. Nhg5 h4 47. Kf2 Bg3+ 48. Ke3 Ka7 49. Ne4 Qd5 50. Nxg3 hxg3 51. Kf4 Ba4 52. Kxg3 Bd1 53. Kf2 Bxf3 54. Qxf3 Qd7 55. Qc3 Qc6 56. h4 Kb8 57. g4 Qe4 58. Qxc4 Qxg4 59. Qxa6 Qxd4+ 60. Kf3 Qc3+ 61. Kg4 Qxb4+ 62. Kg5 Qe7+ 63. Kh6 Qxh4+ 64. Kg7 Qe4 65. Qd6+ Kb7 66. Kxf7 g5 67. Qb6+ Ka8 68. Qd8+ Kb7 69. Qxg5 Ka6 70. Kxe6 Kxa5 71. Qd8+ Ka4 72. Qd7+ Ka3 73. Qd6+ Kb2 74. Kd7 Qh7+ 75. Kc8 Qg8+ 76. Kb7 Qf7+ 77. Kb6 Qf4 78. Kc5 Qc1+ 79. Kb4 Qe1+ 80. Kb5 Qe2+ 81. Ka5 Qe1+ 82. Qb4+ 1-0